Biblioteca

La Biblia y su cultura : Antiguo Testamento / Michel Quesnel, Philippe Gruson, Directores ; Ramón Alfonso Díez Aragón, Gregorio de Pablo Otero, Traductores (Registro nro. 43232)

Detalles MARC
000 -LÍDER
Campo fijo de descripción fija 006730000a22001450004500
001 - NÚMERO DE CONTROL
Campo de control 14360
020 ## - NÚMERO INTERNACIONAL NORMALIZADO PARA LIBROS
Número Internacional Normalizado del libro 84-293-1435-0
041 0# - CÓDIGO DE IDIOMA
Código de idioma para texto/pista de sonido o título separado
082 04 - NÚMERO DE CLASIFICACIÓN DECIMAL DEWEY
Número de clasificación R 221.7 Q52b
245 10 - TÍTULO
Título del Material La Biblia y su cultura : Antiguo Testamento / Michel Quesnel, Philippe Gruson, Directores ; Ramón Alfonso Díez Aragón, Gregorio de Pablo Otero, Traductores
260 ## - PUBLICACIÓN, DISTRIBUCIÓN, ETC. (PIE DE IMPRENTA)
Lugar de publicación, distribución, etc. Santander : Sal Terrae
300 ## - DESCRIPCIÓN FÍSICA
Extensión 575 Pág.
505 00 - NOTA DE CONTENIDO
Nota de contenido con formato preestablecido - Los orígenes y los Patriarcas - El Éxodo y las tribus de Israel - Los dos reinos - Bajo los persas, los griegos y los romanos - Apendices: Los manuscritos hebreos de la Biblia - El hebreo y el arameo bíblicos - Cronología - Bibliografía
942 ## - TIPO DE MATERIAL (KOHA)
Tipo de Item KOHA Libros de Referencia
Existencias
Estado de Material Estado de Perdido Volumen-Parte/Tomo Estado de Dañado No para Préstamo Colección Tomo Biblioteca de Origen Biblioteca Permanente Fecha de Adquisición Total de Préstamos Signatura Topográfica Código de Barras Última vez visto Última vez Préstado Ejemplar/Existencia Fecha de Remplazo Tipo de Material
    1     Colección de Referencia   Biblioteca FUSBC Biblioteca FUSBC 12/06/2007 5 R 221.7 Q52b 16420 20/10/2025 17/10/2025 1 26/01/2016 Libros de Referencia

Biblioteca FUSBC | Teléfono: (57+4) 349 88 10 Ext. 141| WhatsApp (+57) 3005338115 
E-mail: biblioteca@unisbc.edu.co | Calle 76 87-14 Robledo Palenque, Medellín, Colombia

Con tecnología Koha